000 00522nam a2200169Ia 4500
008 140626s9999 xx 000 0 und d
100 _aParcon, Apryl.
245 4 _aThe prediction of adult attachment orientation from perceived maternal and paternal parenting /
_cApryl Parcon.
260 _cc2011.
300 _a44 : 1, page 131
440 _aPhilippine Journal of Psychology
521 _aPSYCH
650 _aAdult attachment.
650 _aGender roles.
650 _aParenting characteristics.
942 _cSE
999 _c121372
_d121372